[Event "Novosibirsk"]
[Site "Novosibirsk"]
[Date "1995.??.??"]
[Round "6"]
[White "Beliavsky, Alexander G"]
[Black "Ruban, Vadim"]
[Result "1-0"]
[WhiteElo "2650"]
[BlackElo "2535"]
[PlyCount "51"]
[EventDate "1995.10.??"]
[EventType "tourn"]
[EventRounds "11"]
[EventCountry "RUS"]
[EventCategory "15"]
[SourceTitle "CBM 050"]
[Source "ChessBase"]
[SourceDate "1996.02.01"]
[SourceVersion "1"]
[SourceVersionDate "1996.02.01"]
[SourceQuality "1"]

1. d4 Nf6 2. c4 e6 3. Nc3 d5 4. Bg5 Nbd7 5. e3 c6 6. a3 Be7 7. Nf3 h6 8. Bh4 Ne4 9. Nxe4 dxe4 10. Bxe7 Qxe7 11. Nd2 f5 12. c5 0-0 13. Nc4 e5 14. Nd6 b6 15. b4 Kh7 16. Be2 Rf6 17. 0-0 exd4 18. exd4 Nf8 19. f3 exf3 20. Bxf3 Bd7 21. Re1 Re6 22. Qd2 bxc5 23. dxc5 Rd8 24. Rxe6 Nxe6 25. Re1 Qf6 26. Nb7 1-0

[Event "RUS-ch"]
[Site "Elista"]
[Date "1995.??.??"]
[Round "9"]
[White "Dreev, Alexey"]
[Black "Ruban, Vadim"]
[Result "1/2-1/2"]
[WhiteElo "2670"]
[BlackElo "2535"]
[PlyCount "67"]
[EventDate "1995.10.??"]
[EventType "swiss"]
[EventRounds "11"]
[EventCountry "RUS"]
[SourceTitle "CBM 050"]
[Source "ChessBase"]
[SourceDate "1996.02.01"]
[SourceVersion "1"]
[SourceVersionDate "1996.02.01"]
[SourceQuality "1"]

1. d4 Nf6 2. c4 e6 3. Nf3 d5 4. Nc3 c5 5. cxd5 cxd4 6. Qxd4 Nxd5 7. e4 Nxc3 8. Qxc3 Nc6 9. Bd2 Qf6 10. Qxf6 gxf6 11. a3 Bc5 12. Bc3 Ke7 13. Rd1 Rg8 14. b4 Bb6 15. g3 a6 16. e5 fxe5 17. Nxe5 Nxe5 18. Bxe5 Bd7 19. Bd6+ Kf6 20. Bg2 Ba4 21. Rc1 Rad8 22. Bf4 Rd7 23. 0-0 e5 24. Be3 Bd4 25. Be4 Kg7 26. Bf5 Rd6 27. Rc7 Bc6 28. Bc8 Bb5 29. Re1 Bxe3 30. fxe3 Rc6 31. Rxc6 Bxc6 32. Bg4 Kf6 33. Rf1+ Ke7 34. Bf5 1/2-1/2

[Event "Kemerovo1"]
[Site "Kemerovo"]
[Date "1995.??.??"]
[Round "7"]
[White "Iskusnyh, Sergei"]
[Black "Ruban, Vadim"]
[Result "0-1"]
[WhiteElo "2430"]
[BlackElo "2535"]
[PlyCount "61"]
[EventDate "1995.08.??"]
[EventType "tourn"]
[EventRounds "11"]
[EventCountry "RUS"]
[EventCategory "12"]
[SourceTitle "CBM 050"]
[Source "ChessBase"]
[SourceDate "1996.02.01"]
[SourceVersion "1"]
[SourceVersionDate "1996.02.01"]
[SourceQuality "1"]

1. d4 Nf6 2. c4 e6 3. Nc3 Bb4 4. e3 c5 5. Bd3 Nc6 6. Nge2 cxd4 7. exd4 d5 8. cxd5 Nxd5 9. 0-0 Bd6 10. Ne4 0-0 11. Bc2 Be7 12. a3 Qc7 13. Qd3 Rd8 14. Rd1 h6 15. N4c3 Nf6 16. Qc4 a6 17. Bf4 Bd6 18. Bxd6 Qxd6 19. Ne4 Nxe4 20. Bxe4 Ne7 21. Rac1 Rb8 22. Qc7 Kf8 23. Kf1 Nd5 24. Bxd5 Qxc7 25. Rxc7 Rxd5 26. Nf4 Rd6 27. Ke1 Bd7 28. Nd3 Rxd4 29. Nc5 Rxd1+ 30. Kxd1 Bc6 31. Rxc6 0-1

[Event "Kemerovo1"]
[Site "Kemerovo"]
[Date "1995.??.??"]
[Round "8"]
[White "Ruban, Vadim"]
[Black "Aseev, Konstantin N"]
[Result "1-0"]
[WhiteElo "2535"]
[BlackElo "2530"]
[PlyCount "129"]
[EventDate "1995.08.??"]
[EventType "tourn"]
[EventRounds "11"]
[EventCountry "RUS"]
[EventCategory "12"]
[SourceTitle "CBM 050"]
[Source "ChessBase"]
[SourceDate "1996.02.01"]
[SourceVersion "1"]
[SourceVersionDate "1996.02.01"]
[SourceQuality "1"]

1. d4 Nf6 2. c4 e6 3. Nf3 b6 4. g3 Ba6 5. b3 Bb4+ 6. Bd2 Be7 7. Nc3 Bb7 8. Bg2 0-0 9. 0-0 d5 10. cxd5 exd5 11. Qc2 Na6 12. Rfd1 Qc8 13. Ng5 h6 14. Nxd5 Bxd5 15. Bxd5 hxg5 16. Bxa8 Qxa8 17. Bxg5 c5 18. Qc4 Nc7 19. dxc5 Ne6 20. Bxf6 Bxf6 21. Rac1 bxc5 22. e3 Qb7 23. Rd6 Be7 24. Qd5 Rb8 25. Qxb7 Rxb7 26. Rc6 Rd7 27. h4 g6 28. Kf1 Kg7 29. Ke2 Rb7 30. Rd1 Nf8 31. f4 Nd7 32. Kf3 Nb6 33. g4 a5 34. g5 a4 35. e4 axb3 36. axb3 Nd7 37. Rd3 Nf8 38. f5 gxf5 39. exf5 f6 40. Re3 Nh7 41. Rce6 Bd8 42. g6 Nf8 43. Re8 Rd7 44. h5 Rd5 45. Kg4 Rd4+ 46. R3e4 Rxe4+ 47. Rxe4 Nd7 48. Re8 Ne5+ 49. Kh3 Nc6 50. Kg4 Ba5 51. Kf4 Ne5 52. Ke4 Ng4 53. Kd5 Bb4 54. Re7+ Kg8 55. Rc7 Ba3 56. Ke6 Kf8 57. h6 Nxh6 58. Kxf6 Bb2+ 59. Ke6 Ng4 60. Rxc5 Nf6 61. b4 Ne4 62. Rc8+ Kg7 63. Rc7+ Kg8 64. b5 Ng5+ 65. Kd5 1-0

[Event "RUS-ch"]
[Site "Elista"]
[Date "1995.??.??"]
[Round "10"]
[White "Ruban, Vadim"]
[Black "Kharlov, Andrei"]
[Result "1/2-1/2"]
[WhiteElo "2535"]
[BlackElo "2555"]
[PlyCount "22"]
[EventDate "1995.10.??"]
[EventType "swiss"]
[EventRounds "11"]
[EventCountry "RUS"]
[SourceTitle "CBM 050"]
[Source "ChessBase"]
[SourceDate "1996.02.01"]
[SourceVersion "1"]
[SourceVersionDate "1996.02.01"]
[SourceQuality "1"]

1. d4 d5 2. c4 e6 3. Nc3 c6 4. Nf3 Nf6 5. Bg5 h6 6. Bxf6 Qxf6 7. e3 Nd7 8. Bd3 dxc4 9. Bxc4 g6 10. 0-0 Bg7 11. Rc1 0-0 1/2-1/2

[Event "Kemerovo1"]
[Site "Kemerovo"]
[Date "1995.??.??"]
[Round "9"]
[White "Sagalchik, Gennadij"]
[Black "Ruban, Vadim"]
[Result "1-0"]
[WhiteElo "2515"]
[BlackElo "2535"]
[PlyCount "101"]
[EventDate "1995.08.??"]
[EventType "tourn"]
[EventRounds "11"]
[EventCountry "RUS"]
[EventCategory "12"]
[SourceTitle "CBM 050"]
[Source "ChessBase"]
[SourceDate "1996.02.01"]
[SourceVersion "1"]
[SourceVersionDate "1996.02.01"]
[SourceQuality "1"]

1. e4 c5 2. Nf3 d6 3. d4 cxd4 4. Nxd4 Nf6 5. Nc3 Nc6 6. Be2 e5 7. Nf3 Be7 8. 0-0 0-0 9. Re1 a6 10. Bg5 Ne8 11. Bxe7 Nxe7 12. Nxe5 Be6 13. Nf3 d5 14. exd5 Nxd5 15. Nxd5 Bxd5 16. c4 Be4 17. Qxd8 Rxd8 18. Rad1 Nf6 19. Rxd8 Rxd8 20. Rd1 Rxd1+ 21. Bxd1 Kf8 22. Nd2 Bg6 23. f4 Ke7 24. Kf2 Kd6 25. b4 a5 26. bxa5 Kc5 27. Bf3 Kb4 28. Bxb7 Kxa5 29. Ke3 Ng4+ 30. Kd4 Kb6 31. Be4 Nxh2 32. Bxg6 fxg6 33. Kd5 Kc7 34. Ke6 Ng4 35. Nf1 Nf6 36. Kf7 Nh5 37. g3 Kc6 38. a4 Kb6 39. Kg8 h6 40. Kf7 g5 41. f5 Ka5 42. c5 Nf6 43. Kxg7 Ne4 44. c6 Kb6 45. f6 Kxc6 46. f7 Nc5 47. f8Q Ne6+ 48. Kf7 Nxf8 49. Kxf8 h5 50. Kf7 h4 51. g4 1-0

[Event "Kemerovo1"]
[Site "Kemerovo"]
[Date "1995.??.??"]
[Round "3"]
[White "Yudasin, Leonid"]
[Black "Ruban, Vadim"]
[Result "1/2-1/2"]
[WhiteElo "2630"]
[BlackElo "2535"]
[PlyCount "45"]
[EventDate "1995.08.??"]
[EventType "tourn"]
[EventRounds "11"]
[EventCountry "RUS"]
[EventCategory "12"]
[SourceTitle "CBM 050"]
[Source "ChessBase"]
[SourceDate "1996.02.01"]
[SourceVersion "1"]
[SourceVersionDate "1996.02.01"]
[SourceQuality "1"]

1. e4 c5 2. Nf3 d6 3. d4 cxd4 4. Nxd4 Nf6 5. Nc3 Nc6 6. Bg5 e6 7. Qd2 a6 8. 0-0-0 h6 9. Be3 Be7 10. f4 Nxd4 11. Bxd4 b5 12. Bd3 Bb7 13. Kb1 0-0 14. Rhe1 b4 15. Na4 Bc6 16. Nb6 Rb8 17. Nc4 Nxe4 18. Bxe4 Bxe4 19. Rxe4 d5 20. Ree1 dxc4 21. Qe2 Qc8 22. Qg4 e5 23. Qxc8 1/2-1/2

[Event "EU-Cup 10th final"]
[Site "Lyon"]
[Date "1994.11.20"]
[Round "3"]
[White "Ruban, Vadim"]
[Black "Horvath, Csaba"]
[Result "1/2-1/2"]
[WhiteElo "2560"]
[BlackElo "2540"]
[PlyCount "77"]
[EventDate "1994.11.18"]
[EventType "team-k.o."]
[EventRounds "3"]
[EventCountry "FRA"]
[SourceTitle "EXT 2020"]
[Source "ChessBase"]
[SourceDate "2019.10.17"]
[SourceVersion "1"]
[SourceVersionDate "2019.10.17"]
[SourceQuality "1"]
[WhiteTeam "Novosibirsk Vektor"]
[BlackTeam "Budapest Honved"]
[WhiteTeamCountry "RUS"]
[BlackTeamCountry "HUN"]

1. d4 d5 2. c4 dxc4 3. Nf3 Nf6 4. e3 e6 5. Bxc4 c5 6. Qe2 a6 7. dxc5 Bxc5 8. 0-0 Nc6 9. Nc3 Qc7 10. Bd2 0-0 11. Rac1 Bd7 12. Bd3 Ne5 13. Bb1 Nxf3+ 14. Qxf3 Bc6 15. Ne4 Bxe4 16. Bxe4 Nxe4 17. Qxe4 Qe7 18. Bc3 Rac8 19. Rfd1 Rc6 20. g3 Rfc8 21. Rc2 f6 22. Rcd2 Rd6 23. Rxd6 Bxd6 24. h4 Rc6 25. h5 f5 26. Qf3 Qg5 27. Rd2 h6 28. Qd1 Qe7 29. Rd4 Kh7 30. Qd3 Kg8 31. e4 e5 32. Rc4 fxe4 33. Rxe4 Kh8 34. Qe2 Rc5 35. f4 Qe6 36. fxe5 Be7 37. a4 Rd5 38. Qg4 Qb6+ 39. Kg2 1/2-1/2

[Event "EU-Cup 10th final"]
[Site "Lyon"]
[Date "1994.11.18"]
[Round "1"]
[White "Mikhalevski, Victor"]
[Black "Ruban, Vadim"]
[Result "1/2-1/2"]
[WhiteElo "2530"]
[BlackElo "2560"]
[PlyCount "54"]
[EventDate "1994.11.18"]
[EventType "team-k.o."]
[EventRounds "3"]
[EventCountry "FRA"]
[SourceTitle "EXT 2020"]
[Source "ChessBase"]
[SourceDate "2019.10.17"]
[SourceVersion "1"]
[SourceVersionDate "2019.10.17"]
[SourceQuality "1"]
[WhiteTeam "Beer Sheva"]
[BlackTeam "Novosibirsk Vektor"]
[WhiteTeamCountry "ISR"]
[BlackTeamCountry "RUS"]

1. d4 Nf6 2. c4 e6 3. Nf3 d5 4. g3 Bb4+ 5. Nbd2 0-0 6. Bg2 dxc4 7. Qc2 Nc6 8. Qxc4 Qd5 9. 0-0 Bxd2 10. Qxd5 exd5 11. Bxd2 Bg4 12. e3 Ne4 13. Bc3 Nxc3 14. bxc3 Na5 15. Ne5 Be6 16. f4 f6 17. f5 fxe5 18. fxe6 e4 19. Bh3 Rf6 20. Rxf6 gxf6 21. Rf1 Kg7 22. Rf4 Rh8 23. Rg4+ Kf8 24. Rf4 Kg7 25. Rg4+ Kf8 26. Rf4 Ke7 27. Rg4 Kf8 1/2-1/2

[Event "RUS-chT 02nd"]
[Site "Kolontaevo"]
[Date "1994.??.??"]
[Round "2"]
[White "Dokutchaev, Aleksander"]
[Black "Ruban, Vadim"]
[Result "1-0"]
[WhiteElo "2415"]
[BlackElo "2560"]
[PlyCount "103"]
[EventDate "1994.??.??"]
[EventType "team-tourn"]
[EventRounds "9"]
[EventCountry "RUS"]
[SourceTitle "EXT 2020"]
[Source "ChessBase"]
[SourceDate "2019.10.17"]
[SourceVersion "1"]
[SourceVersionDate "2019.10.17"]
[SourceQuality "1"]
[WhiteTeam "Cherepovets Severstal"]
[BlackTeam "Novosibirsk New Siberia"]
[WhiteTeamCountry "RUS"]
[BlackTeamCountry "RUS"]

1. d4 d5 2. c4 dxc4 3. Nf3 c6 4. e3 b5 5. a4 e6 6. b3 b4 7. Bxc4 Nf6 8. Nbd2 Nbd7 9. 0-0 c5 10. e4 Be7 11. e5 Nd5 12. Ne4 Bb7 13. Bg5 0-0 14. Bxe7 Qxe7 15. Rc1 N5b6 16. Bd3 cxd4 17. Rc7 Rab8 18. Nd6 Bxf3 19. Qxf3 Qd8 20. Qe4 g6 21. Rxa7 Nc5 22. Qxd4 Nxb3 23. Qe3 Nc8 24. Ra6 Na5 25. Ne4 Kg7 26. Nf6 Nb7 27. Bb5 Ne7 28. Nd7 Nd5 29. Qa7 Qc7 30. Nxf8 Kxf8 31. Bc6 Nd8 32. Bxd5 Qxa7 33. Rxa7 exd5 34. Ra5 Nc6 35. Rxd5 Ra8 36. a5 Rxa5 37. Rxa5 Nxa5 38. Rb1 b3 39. f4 Ke7 40. Kf2 Ke6 41. Ke3 Kf5 42. g3 h6 43. Kd4 g5 44. fxg5 hxg5 45. Kd5 Kg4 46. Ra1 Nb7 47. Ra3 Kh3 48. Rxb3 Nd8 49. Rb8 Ne6 50. Rb7 g4 51. Rxf7 Ng5 52. Rg7 1-0

[Event "Tilburg"]
[Site "Tilburg"]
[Date "1994.??.??"]
[Round "2"]
[White "Ehlvest, Jaan"]
[Black "Ruban, Vadim"]
[Result "1-0"]
[WhiteElo "2600"]
[BlackElo "2560"]
[PlyCount "117"]
[EventDate "1994.09.??"]
[EventType "k.o."]
[EventRounds "7"]
[EventCountry "NED"]
[SourceTitle "CBM 044"]
[Source "ChessBase"]
[SourceDate "1995.02.01"]
[SourceVersion "1"]
[SourceVersionDate "1995.02.01"]
[SourceQuality "1"]

1. d4 Nf6 2. c4 e6 3. Nf3 d5 4. Bg5 dxc4 5. Nc3 c5 6. Bxf6 Qxf6 7. d5 exd5 8. Nxd5 Qd8 9. e3 Bd6 10. Bxc4 0-0 11. 0-0 Nc6 12. Rc1 Be6 13. a4 Rc8 14. Rc2 Ne5 15. Nxe5 Bxe5 16. Rd2 Bxd5 17. Bxd5 Qf6 18. b3 b6 19. f4 Bc3 20. Rd3 Rcd8 21. Qc2 Bd4 22. Be4 Qe6 23. Bxh7+ Kxh7 24. exd4 Kg8 25. Rh3 Qg6 26. f5 Qd6 27. dxc5 Qxc5+ 28. Qxc5 bxc5 29. f6 g6 30. Rc3 Rd5 31. Rfc1 Rf5 32. Rf1 Rd5 33. Rfc1 Rf5 34. Rxc5 Rxf6 35. b4 Rf4 36. R1c4 Rxc4 37. Rxc4 Rd8 38. h4 Rd2 39. b5 Ra2 40. Kh2 Kg7 41. Kh3 Kh6 42. g4 Ra3+ 43. Kg2 f5 44. gxf5 gxf5 45. Kf2 Kg6 46. Rc6+ Kh5 47. Rc4 Kg6 48. Rc6+ Kh5 49. Ra6 Kxh4 50. Rxa7 Rb3 51. Rb7 Kg4 52. a5 Rb2+ 53. Ke1 f4 54. a6 f3 55. a7 Ra2 56. b6 f2+ 57. Kf1 Kf3 58. Rf7+ Ke3 59. Kg2 1-0

[Event "RUS-ch"]
[Site "Elista"]
[Date "1994.??.??"]
[Round "10"]
[White "Khasin, Alexander"]
[Black "Ruban, Vadim"]
[Result "1/2-1/2"]
[WhiteElo "2470"]
[BlackElo "2560"]
[PlyCount "50"]
[EventDate "1994.09.??"]
[EventType "swiss"]
[EventRounds "11"]
[EventCountry "RUS"]
[SourceTitle "CBM 044"]
[Source "ChessBase"]
[SourceDate "1995.02.01"]
[SourceVersion "1"]
[SourceVersionDate "1995.02.01"]
[SourceQuality "1"]

1. c4 c5 2. Nc3 Nf6 3. Nf3 e6 4. g3 d5 5. cxd5 Nxd5 6. Bg2 Nc6 7. 0-0 Be7 8. d4 0-0 9. Nxd5 exd5 10. Be3 c4 11. b3 Na5 12. Qb1 Be6 13. b4 Nc6 14. b5 Na5 15. Bd2 a6 16. b6 Nc6 17. Qb2 Qd7 18. Bc3 Bh3 19. Ne5 Nxe5 20. dxe5 Bxg2 21. Kxg2 Qc6 22. Kg1 Bc5 23. e3 Rfe8 24. a4 Re6 25. a5 Rh6 1/2-1/2

[Event "RUS-chT 02nd"]
[Site "Kolontaevo"]
[Date "1994.??.??"]
[Round "9"]
[White "Moiseev, Viktor"]
[Black "Ruban, Vadim"]
[Result "1/2-1/2"]
[WhiteElo "2450"]
[BlackElo "2560"]
[PlyCount "28"]
[EventDate "1994.??.??"]
[EventType "team-tourn"]
[EventRounds "9"]
[EventCountry "RUS"]
[SourceTitle "EXT 2020"]
[Source "ChessBase"]
[SourceDate "2019.10.17"]
[SourceVersion "1"]
[SourceVersionDate "2019.10.17"]
[SourceQuality "1"]
[WhiteTeam "Kemerovo Politekhnik"]
[BlackTeam "Novosibirsk New Siberia"]
[WhiteTeamCountry "RUS"]
[BlackTeamCountry "RUS"]

1. e4 c5 2. Nf3 d6 3. d4 cxd4 4. Nxd4 Nf6 5. Nc3 Nc6 6. Bg5 e6 7. Qd2 a6 8. 0-0-0 h6 9. Bf4 Bd7 10. Nxc6 Bxc6 11. Bxd6 Bxd6 12. Qxd6 Qxd6 13. Rxd6 Bxe4 14. Rd2 Bc6 1/2-1/2

[Event "RUS-chT 02nd"]
[Site "Kolontaevo"]
[Date "1994.??.??"]
[Round "7"]
[White "Poluljahov, Aleksandr"]
[Black "Ruban, Vadim"]
[Result "0-1"]
[WhiteElo "2485"]
[BlackElo "2560"]
[PlyCount "76"]
[EventDate "1994.??.??"]
[EventType "team-tourn"]
[EventRounds "9"]
[EventCountry "RUS"]
[SourceTitle "EXT 2020"]
[Source "ChessBase"]
[SourceDate "2019.10.17"]
[SourceVersion "1"]
[SourceVersionDate "2019.10.17"]
[SourceQuality "1"]
[WhiteTeam "Azov Ladya"]
[BlackTeam "Novosibirsk New Siberia"]
[WhiteTeamCountry "RUS"]
[BlackTeamCountry "RUS"]

1. d4 d5 2. c4 e6 3. Nf3 Nf6 4. Nc3 c5 5. e3 Nc6 6. cxd5 Nxd5 7. Bc4 cxd4 8. exd4 Be7 9. 0-0 0-0 10. Re1 Bf6 11. Ne4 h6 12. a3 b6 13. Qd3 Bb7 14. Bd2 Nce7 15. Rad1 Nf5 16. Ba2 a5 17. Bb1 Ba6 18. Qc2 Rc8 19. Nc3 g6 20. Qe4 Bb7 21. Qd3 Bg7 22. Ne5 Nde7 23. Qh3 h5 24. Ba2 Nd5 25. Ne4 Rc7 26. Bc1 Qh4 27. Qxh4 Nxh4 28. Nd6 Nf5 29. Nxb7 Rxb7 30. Bxd5 exd5 31. Nf3 Rc8 32. Rd3 Rbc7 33. Bd2 Rc2 34. b3 Nd6 35. h3 Ne4 36. Be3 b5 37. Rb1 Ra2 38. b4 a4 0-1

[Event "RUS-ch"]
[Site "Elista"]
[Date "1994.??.??"]
[Round "11"]
[White "Ruban, Vadim"]
[Black "Kiriakov, Petr"]
[Result "1-0"]
[WhiteElo "2560"]
[BlackElo "2475"]
[PlyCount "77"]
[EventDate "1994.09.??"]
[EventType "swiss"]
[EventRounds "11"]
[EventCountry "RUS"]
[SourceTitle "CBM 044"]
[Source "ChessBase"]
[SourceDate "1995.02.01"]
[SourceVersion "1"]
[SourceVersionDate "1995.02.01"]
[SourceQuality "1"]

1. d4 e6 2. c4 Nf6 3. Nf3 d5 4. Nc3 Nbd7 5. Bf4 dxc4 6. e3 Nb6 7. Bxc4 Nxc4 8. Qa4+ Bd7 9. Qxc4 Bd6 10. Bg5 h6 11. Bxf6 Qxf6 12. e4 Qd8 13. 0-0 0-0 14. Rad1 c6 15. e5 Be7 16. Ne4 b6 17. Qc3 Qc7 18. Nfd2 Bc8 19. Rfe1 Ba6 20. Re3 Rad8 21. Rg3 Kh8 22. Re1 Qd7 23. Nb3 Qd5 24. Qe3 c5 25. Nf6 cxd4 26. Rxg7 Kxg7 27. Qg3+ Kh8 28. Qf4 Kg7 29. Nxd5 Rxd5 30. Nxd4 Rc8 31. h4 Rc4 32. Re4 Rdc5 33. Qg4+ Kf8 34. Rf4 Rxe5 35. Nxe6+ Ke8 36. Rxc4 Bxc4 37. Nc7+ Kf8 38. Qxc4 Bd6 39. Qc1 1-0

[Event "RUS-ch"]
[Site "Elista"]
[Date "1994.??.??"]
[Round "5"]
[White "Ruban, Vadim"]
[Black "Kiselev, Sergey"]
[Result "1-0"]
[WhiteElo "2560"]
[BlackElo "2460"]
[PlyCount "79"]
[EventDate "1994.09.??"]
[EventType "swiss"]
[EventRounds "11"]
[EventCountry "RUS"]
[SourceTitle "CBM 044"]
[Source "ChessBase"]
[SourceDate "1995.02.01"]
[SourceVersion "1"]
[SourceVersionDate "1995.02.01"]
[SourceQuality "1"]

1. d4 Nf6 2. c4 e6 3. Nf3 b6 4. g3 Ba6 5. b3 Bb4+ 6. Bd2 c5 7. Bg2 Bb7 8. 0-0 0-0 9. Bxb4 cxb4 10. Qd3 d6 11. Nbd2 Qc7 12. Ne1 Bxg2 13. Nxg2 Nc6 14. f4 d5 15. Rfc1 Qd7 16. e3 Rfc8 17. Ne1 Rc7 18. Nef3 Rac8 19. e4 Nxe4 20. Nxe4 dxe4 21. Qxe4 b5 22. d5 exd5 23. cxd5 Nd4 24. Rxc7 Nxf3+ 25. Qxf3 Qxc7 26. Rd1 Qd6 27. Qe3 a6 28. Qe5 Rd8 29. Qxd6 Rxd6 30. Kf2 Kf8 31. Ke3 Ke7 32. Kd4 Rh6 33. Rd2 Kd6 34. Rc2 Rh3 35. Rc6+ Kd7 36. Rxa6 Rxh2 37. Kc5 Rc2+ 38. Kxb4 Rg2 39. Kc5 Rxg3 40. Ra7+ 1-0

[Event "Tilburg"]
[Site "Tilburg"]
[Date "1994.??.??"]
[Round "1"]
[White "Smirin, Ilia"]
[Black "Ruban, Vadim"]
[Result "0-1"]
[WhiteElo "2615"]
[BlackElo "2560"]
[PlyCount "92"]
[EventDate "1994.09.??"]
[EventType "k.o."]
[EventRounds "7"]
[EventCountry "NED"]
[SourceTitle "CBM 044"]
[Source "ChessBase"]
[SourceDate "1995.02.01"]
[SourceVersion "1"]
[SourceVersionDate "1995.02.01"]
[SourceQuality "1"]

1. e4 c5 2. Nf3 d6 3. d4 cxd4 4. Nxd4 Nf6 5. Nc3 Nc6 6. Bc4 Qb6 7. Nb3 e6 8. Bf4 Ne5 9. Be2 Bd7 10. 0-0 Be7 11. Be3 Qc7 12. Nd2 Bc6 13. a4 Ned7 14. f4 0-0 15. Bf3 Rfd8 16. Qe2 b6 17. g4 a6 18. g5 Ne8 19. Bg2 Qb7 20. Rf3 b5 21. Rh3 bxa4 22. Nc4 Nf8 23. Nb6 Rab8 24. Rd1 Nc7 25. Qf2 Nb5 26. Ncd5 exd5 27. exd5 Bd7 28. f5 Re8 29. c4 Bd8 30. Nxd7 Qxd7 31. cxb5 Rxe3 32. Rxe3 Bb6 33. Rde1 Qxb5 34. R1e2 Nd7 35. g6 Nf6 36. Bf3 hxg6 37. fxg6 fxg6 38. Kg2 Rf8 39. Qg3 Bxe3 40. Rxe3 Nxd5 41. Re4 Qxb2+ 42. Kh1 Qc3 43. Re8 Qc5 44. Qe1 Rxe8 45. Qxe8+ Kh7 46. Qxa4 Qf2 0-1

[Event "RUS-chT 02nd"]
[Site "Kolontaevo"]
[Date "1994.??.??"]
[Round "1"]
[White "Yandemirov, Valeri"]
[Black "Ruban, Vadim"]
[Result "1/2-1/2"]
[WhiteElo "2535"]
[BlackElo "2560"]
[PlyCount "116"]
[EventDate "1994.??.??"]
[EventType "team-tourn"]
[EventRounds "9"]
[EventCountry "RUS"]
[SourceTitle "EXT 2020"]
[Source "ChessBase"]
[SourceDate "2019.10.17"]
[SourceVersion "1"]
[SourceVersionDate "2019.10.17"]
[SourceQuality "1"]
[WhiteTeam "Ufa Kadyr"]
[BlackTeam "Novosibirsk New Siberia"]
[WhiteTeamCountry "RUS"]
[BlackTeamCountry "RUS"]

1. e4 c5 2. Nf3 d6 3. Bb5+ Nc6 4. d4 cxd4 5. Qxd4 Bd7 6. Bxc6 Bxc6 7. Nc3 Nf6 8. Bg5 e6 9. 0-0-0 Be7 10. Rhe1 0-0 11. Qd2 Qc7 12. Nd4 Rfc8 13. Kb1 a6 14. f3 b5 15. Bxf6 Bxf6 16. Nxc6 Qxc6 17. Qxd6 Qxd6 18. Rxd6 Be5 19. Rd7 Bxh2 20. a4 Be5 21. axb5 Bxc3 22. bxc3 axb5 23. Red1 g6 24. Kb2 Kg7 25. R1d6 Kf6 26. f4 g5 27. fxg5+ Kg6 28. Rd3 Rc5 29. Rf3 Rg8 30. Rf6+ Kg7 31. Rxe6 Rxg5 32. Rb6 Rxg2 33. Rxb5 Re2 34. Re7 Kf6 35. Ree5 h6 36. c4 Rd8 37. Rf5+ Kg6 38. Rb6+ Kg7 39. Rb7 Rxe4 40. Rbxf7+ Kg6 41. R7f6+ Kg7 42. Rc6 Rf8 43. Rxf8 Kxf8 44. Rxh6 Ke7 45. Kb3 Kd7 46. Kb4 Re5 47. Ra6 Kc7 48. c3 Rh5 49. Ra5 Rh6 50. Ra7+ Kb6 51. Rd7 Kc6 52. Rg7 Rf6 53. Rg5 Rh6 54. c5 Rh1 55. Rg6+ Kc7 56. c6 Rh5 57. c4 Rf5 58. Rh6 Rg5 1/2-1/2

[Event "YUG-chT"]
[Site "Cetinje"]
[Date "1993.??.??"]
[Round "3"]
[White "Blagojevic, Dragisa"]
[Black "Ruban, Vadim"]
[Result "0-1"]
[WhiteElo "2510"]
[BlackElo "2595"]
[PlyCount "78"]
[EventDate "1993.??.??"]
[EventType "team"]
[EventRounds "11"]
[EventCountry "YUG"]
[SourceTitle "CBM 038"]
[Source "ChessBase"]
[SourceDate "1994.02.01"]
[SourceVersion "1"]
[SourceVersionDate "1994.02.01"]
[SourceQuality "1"]

1. d4 Nf6 2. c4 e6 3. Nf3 d5 4. Nc3 c5 5. cxd5 Nxd5 6. g3 Nxc3 7. bxc3 cxd4 8. cxd4 Bb4+ 9. Bd2 Bxd2+ 10. Qxd2 b6 11. Bg2 Bb7 12. 0-0 0-0 13. Rfc1 Nd7 14. Rc2 Be4 15. Ng5 Bxc2 16. Bxa8 Qxa8 17. Qxc2 Nf6 18. Rc1 h6 19. Nf3 Qd5 20. Qc4 b5 21. Qc2 Ne4 22. a3 a5 23. Qb2 Rd8 24. Rc7 Rd7 25. Rc8+ Kh7 26. Qc2 f5 27. Rb8 Rd8 28. Rxd8 Qxd8 29. Qc6 Qd5 30. Qe8 b4 31. axb4 axb4 32. Ne5 Nd6 33. Qb8 b3 34. Nd7 Qb5 35. Nf8+ Kg8 36. Qxd6 b2 37. Nxe6 b1Q+ 38. Kg2 Qe4+ 39. Kh3 Qe8 0-1

[Event "St Petersburg zt"]
[Site "St Petersburg"]
[Date "1993.??.??"]
[Round "8"]
[White "Dreev, Alexey"]
[Black "Ruban, Vadim"]
[Result "1-0"]
[WhiteElo "2560"]
[BlackElo "2595"]
[PlyCount "109"]
[EventDate "1993.01.??"]
[EventType "swiss"]
[EventRounds "9"]
[EventCountry "RUS"]
[SourceTitle "CBM 034"]
[Source "ChessBase"]
[SourceDate "1993.06.01"]
[SourceVersion "1"]
[SourceVersionDate "1993.06.01"]
[SourceQuality "1"]

1. d4 Nf6 2. Nf3 e6 3. Bg5 c5 4. e3 Qb6 5. Qc1 Ne4 6. Bf4 d5 7. Bd3 Nc6 8. c3 Be7 9. h4 0-0 10. Nbd2 f5 11. Ne5 Nxe5 12. Bxe5 Bd7 13. f3 Nd6 14. f4 Bb5 15. Bc2 Rac8 16. Bxd6 Bxd6 17. Nf3 Ba6 18. Kf2 Qc7 19. g3 b5 20. a3 Bb7 21. Bd3 Qb6 22. Qd2 a5 23. Ng5 Be7 24. Qe2 h6 25. Nf3 Bc6 26. Ne5 Be8 27. g4 Bd6 28. gxf5 Bxe5 29. fxe5 exf5 30. h5 c4 31. Bc2 b4 32. axb4 axb4 33. Kg3 Bd7 34. Kf4 Be6 35. Qg2 Rb8 36. Rhg1 Rf7 37. Qg6 Kh8 38. cxb4 Qxb4 39. Qxe6 Qd2 40. Kf3 Qxc2 41. b4 Qe4+ 42. Ke2 Rfb7 43. Qg6 Qd3+ 44. Kf3 c3 45. Ra6 Qe4+ 46. Ke2 Qh4 47. Re6 Qd8 48. Rc6 Rc8 49. b5 Rcc7 50. Qd6 Rd7 51. Qc5 Rb8 52. Qxc3 Qe8 53. Rgg6 Rxb5 54. Rc8 Rd8 55. Qc7 1-0

[Event "Groningen PCA"]
[Site "Groningen"]
[Date "1993.??.??"]
[Round "3"]
[White "Nikolic, Predrag"]
[Black "Ruban, Vadim"]
[Result "1-0"]
[WhiteElo "2625"]
[BlackElo "2590"]
[PlyCount "113"]
[EventDate "1993.12.??"]
[EventType "swiss"]
[EventRounds "11"]
[EventCountry "NED"]
[SourceTitle "CBM 039"]
[Source "ChessBase"]
[SourceDate "1994.04.01"]
[SourceVersion "1"]
[SourceVersionDate "1994.04.01"]
[SourceQuality "1"]

1. d4 Nf6 2. c4 e6 3. Nf3 d5 4. Nc3 c5 5. cxd5 Nxd5 6. e4 Nxc3 7. bxc3 cxd4 8. cxd4 Bb4+ 9. Bd2 Bxd2+ 10. Qxd2 0-0 11. Bc4 b6 12. 0-0 Nc6 13. Rfe1 Bb7 14. Rad1 Na5 15. Bd3 h6 16. Qf4 Qf6 17. Qg3 Qe7 18. h4 Rfd8 19. d5 Qd6 20. e5 Qxd5 21. Bh7+ Kxh7 22. Rxd5 Rxd5 23. Kh2 Rd7 24. Rc1 Rad8 25. Qf4 Kg8 26. Qa4 Bxf3 27. gxf3 Rd4 28. Qb5 Rxh4+ 29. Kg2 Rhd4 30. Rc7 R4d5 31. Qa6 Rxe5 32. Qxa7 Rg5+ 33. Kf1 Rf5 34. Qxb6 Rd1+ 35. Ke2 Rdd5 36. Rc8+ Kh7 37. Qb1 h5 38. a4 h4 39. Qb8 Kg6 40. Qb4 Rh5 41. Qb1+ Kf6 42. Qb2+ Kg6 43. Qc2+ Kf6 44. Qc3+ Kg6 45. f4 Kh7 46. Qc2+ g6 47. Qc3 e5 48. Ra8 Nb7 49. Qc6 exf4 50. Qxb7 Rdf5 51. Re8 h3 52. Qb2 Kh6 53. Rh8+ Kg5 54. Rxh5+ Kxh5 55. Kf3 f6 56. Qc2 Kh6 57. Qxf5 1-0